[Event "IECG CE.2002.0.00025 email"]
[Site "IECG email"]
[Date "2002.03.06"]
[Round "?"]
[White "King, Roger W"]
[Black "Mueller, Klaus Detlef"]
[Result "1-0"]
[WhiteElo "1278"]
[BlackElo "1200"]
[PlyCount "65"]
[EventDate "2002.03.06"]
[EventType "tourn (corr)"]
[EventRounds "6"]
[SourceTitle "Corr 2008"]
[Source "ChessBase"]
[SourceDate "2008.06.24"]
[SourceVersion "1"]
[SourceVersionDate "2008.06.24"]
[SourceQuality "1"]

1. d4 f5 2. Bg5 h6 3. Bh4 g5 4. e3 Nf6 5. Bg3 e6 6. h4 g4 7. Bd3 Nc6 8. h5 Nb4 9. Nc3 Nxd3+ 10. Qxd3 d6 11. Nge2 Bd7 12. Nf4 Bg7 13. Ng6 Rg8 14. Bh4 d5 15. 0-0-0 c5 16. f3 gxf3 17. gxf3 Qc7 18. Rdg1 c4 19. Qe2 Bc6 20. e4 dxe4 21. Qxc4 Qd6 22. fxe4 Nxe4 23. Rh3 Nxc3 24. bxc3 Bf8 25. Re3 Bd5 26. Qb5+ Qc6 27. Qf1 Qc4 28. Qxf5 Be7 29. Qf4 Qxa2 30. Kd2 Bxh4 31. Qxh4 Rg7 32. Qf6 Rf7 33. Qh8+ 1-0

[Event "IECG CE.2002.0.00025 email"]
[Site "IECG email"]
[Date "2002.03.06"]
[Round "?"]
[White "King, Roger W"]
[Black "Szokol, Imre"]
[Result "1-0"]
[WhiteElo "1278"]
[BlackElo "1170"]
[PlyCount "51"]
[EventDate "2002.03.06"]
[EventType "tourn (corr)"]
[EventRounds "6"]
[SourceTitle "Corr 2008"]
[Source "ChessBase"]
[SourceDate "2008.06.24"]
[SourceVersion "1"]
[SourceVersionDate "2008.06.24"]
[SourceQuality "1"]

1. e4 d6 2. d4 Nf6 3. Nc3 g6 4. Nf3 Bg7 5. Be3 0-0 6. Qd2 c6 7. h4 b5 8. a3 Qa5 9. Bd3 Nbd7 10. h5 Nxh5 11. Bh6 Ndf6 12. Bxg7 Nxg7 13. Qh6 e5 14. Ng5 Rd8 15. dxe5 dxe5 16. Nxh7 Nxh7 17. Qxh7+ Kf8 18. Qh8+ Ke7 19. Qxg7 b4 20. Na2 bxa3+ 21. b4 Qc7 22. Qxf7+ Kxf7 23. Rh7+ Kf8 24. Rxc7 a5 25. Rxc6 axb4 26. Nxb4 1-0

[Event "IECG QE.2002.0.00015"]
[Site "IECG email"]
[Date "2002.03.04"]
[Round "?"]
[White "King, Roger W"]
[Black "Trevis, Robert R"]
[Result "1-0"]
[WhiteElo "1278"]
[BlackElo "1346"]
[PlyCount "113"]
[EventDate "2002.03.04"]
[EventType "tourn (corr)"]
[EventRounds "6"]
[SourceTitle "Corr 2008"]
[Source "ChessBase"]
[SourceDate "2008.06.24"]
[SourceVersion "1"]
[SourceVersionDate "2008.06.24"]
[SourceQuality "1"]

1. d4 Nf6 2. c4 e5 3. dxe5 Ng4 4. Nf3 Bc5 5. e3 Nc6 6. Be2 Ngxe5 7. Nxe5 Nxe5 8. Nc3 0-0 9. 0-0 Re8 10. b3 a5 11. Ne4 Ba7 12. Bb2 d6 13. Nd2 Bf5 14. Nf3 Qf6 15. Nd4 Be4 16. f3 Bg6 17. f4 Nc6 18. f5 Qe5 19. fxg6 hxg6 20. Nxc6 Bxe3+ 21. Kh1 Qxb2 22. Bf3 Kh7 23. Bd5 f5 24. Qd3 bxc6 25. Bxc6 Rac8 26. Bxe8 Rxe8 27. Rae1 f4 28. Rf3 Re5 29. Rh3+ Kg8 30. Qxg6 Qf2 31. Rd1 Qe2 32. Qd3 Qxa2 33. Rf1 Qb2 34. g3 Qd2 35. Qh7+ Kf7 36. gxf4 Qe2 37. Rg1 Bxg1 38. fxe5 Bd4 39. Qf5+ Ke7 40. exd6+ cxd6 41. Rf3 Bf6 42. c5 dxc5 43. Qxc5+ Kd7 44. Qd5+ Ke7 45. h3 Qe1+ 46. Kg2 Qe2+ 47. Rf2 Qe1 48. Rd2 Qe3 49. Rc2 Bc3 50. h4 Be5 51. Qc5+ Qxc5 52. Rxc5 Ke6 53. Rxa5 Bc3 54. Rg5 Bf6 55. Rg6 Kf7 56. h5 Bc3 57. Kf3 1-0

[Event "IECG QN.2001.0.00186"]
[Site "IECG email"]
[Date "2001.07.18"]
[Round "?"]
[White "Filgueira, Horacio"]
[Black "King, Roger W"]
[Result "0-1"]
[WhiteElo "800"]
[BlackElo "800"]
[PlyCount "64"]
[EventDate "2001.07.18"]
[EventType "tourn (corr)"]
[EventRounds "6"]
[SourceTitle "Corr 2008"]
[Source "ChessBase"]
[SourceDate "2008.06.24"]
[SourceVersion "1"]
[SourceVersionDate "2008.06.24"]
[SourceQuality "1"]

1. d4 Nf6 2. c4 c5 3. d5 b5 4. f3 bxc4 5. e4 d6 6. Bxc4 g6 7. Nc3 Bg7 8. Be3 0-0 9. Qd2 Nbd7 10. Bh6 Bxh6 11. Qxh6 Rb8 12. Qd2 Nb6 13. Bd3 e6 14. dxe6 Bxe6 15. b3 d5 16. exd5 Nbxd5 17. Bc4 Nxc3 18. Qxc3 Bxc4 19. Qxc4 Re8+ 20. Ne2 Nd5 21. Kf2 Qg5 22. h4 Qe3+ 23. Kg3 Nb6 24. Qf4 Qxe2 25. Rae1 Qxa2 26. h5 Nd5 27. Qd6 Qxb3 28. h6 Ne3 29. Qd2 Rbd8 30. Qa5 Qb8+ 31. f4 Nf5+ 32. Kg4 Rd3 0-1

[Event "IECG CN.2001.0.00250"]
[Site "IECG email"]
[Date "2001.06.14"]
[Round "?"]
[White "King, Roger W"]
[Black "Damasio, Fabio"]
[Result "1-0"]
[WhiteElo "800"]
[BlackElo "782"]
[PlyCount "41"]
[EventDate "2001.06.14"]
[EventType "tourn (corr)"]
[EventRounds "6"]
[SourceTitle "Corr 2008"]
[Source "ChessBase"]
[SourceDate "2008.06.24"]
[SourceVersion "1"]
[SourceVersionDate "2008.06.24"]
[SourceQuality "1"]

1. d4 d5 2. Nf3 g6 3. Nc3 Nf6 4. Bf4 Bg7 5. e3 b6 6. Be2 0-0 7. Ne5 c5 8. h4 e6 9. h5 Ne4 10. hxg6 fxg6 11. Nxe4 dxe4 12. dxc5 bxc5 13. c3 Bxe5 14. Bxe5 Nd7 15. Bd6 Re8 16. Qa4 Qb6 17. 0-0-0 a5 18. Qxe4 Bb7 19. Qh4 Nf8 20. Bxf8 Kxf8 21. Rd7 1-0

[Event "IECG CN.2001.0.00250"]
[Site "IECG email"]
[Date "2001.06.14"]
[Round "?"]
[White "King, Roger W"]
[Black "Venturas, Bob"]
[Result "1-0"]
[WhiteElo "800"]
[BlackElo "570"]
[PlyCount "62"]
[EventDate "2001.06.14"]
[EventType "tourn (corr)"]
[EventRounds "6"]
[SourceTitle "Corr 2008"]
[Source "ChessBase"]
[SourceDate "2008.06.24"]
[SourceVersion "1"]
[SourceVersionDate "2008.06.24"]
[SourceQuality "1"]

1. e4 e5 2. Nf3 Nf6 3. Nxe5 Qe7 4. d4 d6 5. Nf3 Nxe4 6. Be2 d5 7. 0-0 Be6 8. Re1 Qd6 9. Ng5 Be7 10. Nxe6 fxe6 11. Bh5+ g6 12. Bf3 Ng5 13. Bxg5 Bxg5 14. c4 c6 15. c5 Qe7 16. Bg4 0-0 17. Bxe6+ Kh8 18. Bxd5 Qf6 19. Bf3 Nd7 20. Nc3 Rae8 21. Qa4 a6 22. Ne4 Qf4 23. Nxg5 Rxe1+ 24. Rxe1 Qxg5 25. Qb3 Qd2 26. Rd1 Qg5 27. Qxb7 Rxf3 28. Qxd7 Rd3 29. Re1 Rd1 30. Rxd1 Qd5 31. Qxd5 cxd5 1-0

[Event "IECG CN.2001.0.00249"]
[Site "IECG email"]
[Date "2001.05.29"]
[Round "?"]
[White "Jones, David Crossman"]
[Black "King, Roger W"]
[Result "0-1"]
[WhiteElo "800"]
[BlackElo "800"]
[PlyCount "138"]
[EventDate "2001.05.29"]
[EventType "tourn (corr)"]
[EventRounds "6"]
[SourceTitle "Corr 2008"]
[Source "ChessBase"]
[SourceDate "2008.06.24"]
[SourceVersion "1"]
[SourceVersionDate "2008.06.24"]
[SourceQuality "1"]

1. c4 c5 2. Nc3 g6 3. Nf3 Bg7 4. e3 Nc6 5. d4 cxd4 6. exd4 d6 7. d5 Ne5 8. Nxe5 Bxe5 9. Be2 Qa5 10. Bd2 Bd7 11. Qb3 0-0-0 12. Nb5 Qa6 13. 0-0 b6 14. Rac1 Kb8 15. c5 dxc5 16. Qe3 f6 17. Nd6 Qxa2 18. Nf7 Qxd5 19. Bc4 Qd4 20. Qxd4 Bxd4 21. Nxd8 Nh6 22. Ne6 Nf5 23. Bf4+ Kb7 24. Rcd1 Bxe6 25. Bxe6 Kc6 26. Rd2 Ng7 27. Bg4 e5 28. Bh6 Rg8 29. Rc2 f5 30. Be2 b5 31. b3 Ne6 32. Ra2 Kb6 33. Rd1 g5 34. Bh5 Rd8 35. Bf7 Nc7 36. Rc1 Rd7 37. Bh5 g4 38. Bg5 a6 39. Rd2 Ne6 40. Be8 Rc7 41. Bf6 e4 42. Bxd4 cxd4 43. Rxc7 Kxc7 44. Rc2+ Kd8 45. Bf7 d3 46. Ra2 Nd4 47. Rxa6 Ke7 48. Ra7+ Kd6 49. Ra1 Kc5 50. Kf1 Kb4 51. Ra2 f4 52. Bh5 Kxb3 53. Ra1 d2 54. Bxg4 Kb2 55. Rd1 Kc2 56. Ra1 f3 57. gxf3 exf3 58. Ra2+ Kc1 59. Ra1+ Kb2 60. Rd1 Kc2 61. Rxd2+ Kxd2 62. Bh5 b4 63. Bf7 b3 64. h4 b2 65. Ba2 Kc1 66. Kg1 Ne2+ 67. Kh2 Nc3 68. Kg3 Nxa2 69. Kxf3 b1Q 0-1